[Event "26. ekipno prvenstvo hrvatske u sahu - I"]
[Site "Bjelovar, Krapina, Djurdjevac,"]
[Date "2017.03.26"]
[Round "2.46"]
[White "Blaga, Marijan"]
[Black "Fadljevic, Ivan"]
[Result "1-0"]
[WhiteElo "2015"]
[BlackElo "1990"]
[PlyCount "113"]
[EventDate "2016.03.26"]

1. d4 Nf6 2. c4 g6 3. Nc3 Bg7 4. Nf3 O-O 5. e4 d6 6. Bd3 Nc6 7. d5 Nb4 8. Bb1
c5 9. a3 Na6 10. h3 Nc7 11. O-O a6 12. a4 b6 13. Re1 Nd7 14. Bf4 Ne5 15. Nxe5
dxe5 16. Bg5 Bd7 17. d6 f6 18. dxc7 Qxc7 19. Nd5 Qd6 20. Bc1 Rad8 21. Qb3 Rb8
22. Rd1 Rf7 23. Nxb6 Qc6 24. a5 Be8 25. Qd3 e6 26. Qd6 Qxd6 27. Rxd6 Re7 28.
Be3 Bf8 29. Bc2 Kf7 30. Rad1 Rc7 31. Rd8 Rbb7 32. Ra8 Be7 33. Rxa6 f5 34. f3
Bc6 35. Bc1 Rb8 36. Ba4 Bxa4 37. Nxa4 f4 38. Nb6 Rbb7 39. Kf2 Bh4+ 40. Ke2 h5
41. Ra8 Be7 42. Bd2 Bf6 43. Bc3 g5 44. Nc8 Kg6 45. Nd6 Ra7 46. Rg8+ Kh7 47. Re8
Re7 48. Rc8 g4 49. hxg4 hxg4 50. Rh1+ Kg6 51. Rg8+ Rg7 52. Rc8 Rh7 53. Rxh7
Rxh7 54. fxg4 Rh1 55. Rxc5 Kg5 56. a6 Bd8 57. Nf7+ 1-0

[Event "26. ekipno prvenstvo hrvatske u sahu - I"]
[Site "Bjelovar, Krapina, Djurdjevac,"]
[Date "2017.03.26"]
[Round "2.52"]
[White "Ivekovic, Bozidar"]
[Black "Sindik, Ervin"]
[Result "1-0"]
[WhiteElo "2357"]
[BlackElo "2334"]
[PlyCount "133"]
[EventDate "2016.03.26"]

1. Nf3 Nf6 2. g3 g6 3. Bg2 Bg7 4. O-O O-O 5. d4 d6 6. c4 Nc6 7. Nc3 a6 8. d5
Na5 9. Nd2 c5 10. h3 Rb8 11. a4 Bd7 12. Re1 b5 13. axb5 axb5 14. cxb5 Bxb5 15.
Nxb5 Rxb5 16. e4 Rb4 17. Re3 Nd7 18. Qc2 Ne5 19. Bf1 c4 20. Rea3 Nb3 21. Nxb3
Nf3+ 22. Kh1 cxb3 23. Qd3 Ne1 24. Qe2 Nc2 25. Ra4 Qb6 26. Rxb4 Qxb4 27. Ra7 Bf6
28. Kg1 Rc8 29. Qa6 Qc5 30. Bh6 Rb8 31. Rb7 Qc8 32. Rxb3 Nd4 33. Qxc8+ Rxc8 34.
Rb7 Bg7 35. Be3 f5 36. b4 Nc2 37. Ba7 fxe4 38. b5 Bd4 39. Bxd4 Nxd4 40. Rxe7
Rc1 41. Rxe4 Nf3+ 42. Kg2 Ne1+ 43. Kh1 Nd3 44. Kg1 Rb1 45. Re6 Ne1 46. f4 Nc2
47. Kf2 Nd4 48. Rxd6 Rb2+ 49. Ke1 Rb1+ 50. Kd2 Rxf1 51. Rb6 Rb1 52. d6 Kf7 53.
d7 Ke7 54. Rd6 Ne6 55. Rxe6+ Kxd7 56. Re5 Rb3 57. Rg5 Ke6 58. Kc2 Rb4 59. Kc3
Rb1 60. Kc4 Kd6 61. Rd5+ Ke6 62. Rd3 h5 63. h4 Ke7 64. Kc5 Ke6 65. Kc6 Kf5 66.
Rd5+ Ke4 67. Rg5 1-0

[Event "26. ekipno prvenstvo hrvatske u sahu - I"]
[Site "Bjelovar, Krapina, Djurdjevac,"]
[Date "2017.03.26"]
[Round "2.53"]
[White "Orak, Ljubomir"]
[Black "Sokac, Marko"]
[Result "1-0"]
[WhiteElo "2273"]
[BlackElo "2278"]
[PlyCount "89"]
[EventDate "2016.03.26"]

1. e4 d6 2. d4 Nf6 3. Nc3 c6 4. Nf3 Bg4 5. Be2 e6 6. O-O d5 7. h3 Bxf3 8. Bxf3
Be7 9. Be3 O-O 10. Qd3 Nfd7 11. Ne2 Nb6 12. b3 N8d7 13. Rad1 Bg5 14. Qd2 Bxe3
15. Qxe3 Qe7 16. a4 dxe4 17. Bxe4 Nd5 18. Qd2 N7f6 19. Bf3 a5 20. c4 Nb4 21.
Nc3 Rfd8 22. Qe2 Qc7 23. Ne4 Qf4 24. Nc5 Rab8 25. Qe5 Qh4 26. Qc7 Ne8 27. Qe5
Nf6 28. Qc7 b6 29. Nd3 Nc2 30. Ne5 Nxd4 31. Rxd4 Qxd4 32. Qxf7+ Kh8 33. Qxe6
Rd7 34. Nxc6 Qf4 35. Nxb8 Qxb8 36. Re1 Qd8 37. Qe2 g6 38. Qe5 Kg7 39. c5 bxc5
40. Qxc5 Rd4 41. Qe7+ Qxe7 42. Rxe7+ Kf8 43. Ra7 Rd3 44. Rxa5 Rxb3 45. Ra7 1-0

[Event "26. ekipno prvenstvo hrvatske u sahu - I"]
[Site "Bjelovar, Krapina, Djurdjevac,"]
[Date "2017.03.26"]
[Round "2.54"]
[White "Turcin, Lovro"]
[Black "Segovic, Goran"]
[Result "1/2-1/2"]
[WhiteElo "2159"]
[BlackElo "2255"]
[PlyCount "111"]
[EventDate "2016.03.26"]

1. e4 e5 2. Nf3 Nc6 3. Bb5 f5 4. d3 fxe4 5. dxe4 Nf6 6. O-O d6 7. Nc3 Be7 8.
Qd3 O-O 9. Qc4+ Kh8 10. Bxc6 bxc6 11. Qxc6 Rb8 12. Re1 Rb4 13. Nd5 Bb7 14. Nxb4
Bxc6 15. Nxc6 Qd7 16. Nxe7 Qxe7 17. Bg5 Qe6 18. Bxf6 gxf6 19. b3 f5 20. c4 Rg8
21. Nh4 fxe4 22. g3 Qg4 23. Ng2 c6 24. Rad1 Rd8 25. Ne3 Qe6 26. Ng2 Qg6 27. Ne3
h5 28. h4 Qf7 29. Ng2 Qf3 30. Ne3 Kg8 31. Rd2 Kf7 32. Red1 Ke7 33. Ng2 Qf6 34.
Ne3 Qg6 35. Kg2 a5 36. Rb1 Rd7 37. Rbd1 Kd8 38. a3 Kc7 39. b4 Qf7 40. b5 Qf3+
41. Kg1 Rg7 42. Rxd6 Rxg3+ 43. fxg3 Qxe3+ 44. Kg2 Qf3+ 45. Kh2 Qg4 46. Kg2 cxb5
47. cxb5 Qe2+ 48. Kh3 Qxb5 49. R6d5 Qe2 50. Rc1+ Kb6 51. a4 Qg4+ 52. Kg2 Qf3+
53. Kh3 e3 54. Rd6+ Ka7 55. Rd7+ Kb8 56. Rd8+ 1/2-1/2

[Event "26. ekipno prvenstvo hrvatske u sahu - I"]
[Site "Bjelovar, Krapina, Djurdjevac,"]
[Date "2017.03.26"]
[Round "2.55"]
[White "Novak, Ratko"]
[Black "Cenkovcan, Andrija"]
[Result "1-0"]
[WhiteElo "2180"]
[BlackElo "2030"]
[PlyCount "91"]
[EventDate "2016.03.26"]

1. d4 Nf6 2. c4 g6 3. Nc3 Bg7 4. e4 d6 5. Nf3 O-O 6. Be2 e5 7. d5 a5 8. h3 Na6
9. Be3 Nh5 10. g4 Nf4 11. Bxf4 exf4 12. Qd2 Nc5 13. Qxf4 Qe7 14. Qe3 Re8 15.
Nd2 Bxc3 16. bxc3 Nxe4 17. Qxe4 Qxe4 18. Nxe4 Rxe4 19. Kd2 b6 20. f3 Rf4 21.
Ke3 g5 22. h4 f6 23. hxg5 fxg5 24. Rh5 Rf7 25. Rxg5+ Kh8 26. Bd3 Bd7 27. Rh1
Re8+ 28. Be4 Re5 29. Rxe5 dxe5 30. Rh5 Re7 31. Bf5 Be8 32. Rh2 Kg8 33. Ke4 Bg6
34. Bxg6 hxg6 35. c5 bxc5 36. Rb2 Rf7 37. Rb5 Rf4+ 38. Kxe5 Rc4 39. Rxa5 Rxc3
40. Ke6 Rxf3 41. Rxc5 Ra3 42. Rxc7 Rxa2 43. d6 Re2+ 44. Kf6 Rd2 45. d7 Rd6+ 46.
Ke7 1-0

[Event "26. ekipno prvenstvo hrvatske u sahu - I"]
[Site "Bjelovar, Krapina, Djurdjevac,"]
[Date "2017.03.26"]
[Round "2.56"]
[White "Livaic, Damir"]
[Black "Lovrencic, Vladimir"]
[Result "1/2-1/2"]
[WhiteElo "2047"]
[BlackElo "2137"]
[PlyCount "82"]
[EventDate "2016.03.26"]

1. d4 Nf6 2. c4 e6 3. Nf3 b6 4. g3 Ba6 5. Qc2 c5 6. Bg2 Nc6 7. dxc5 bxc5 8. O-O
Be7 9. Na3 O-O 10. Rd1 Nb4 11. Qa4 Bb7 12. Ne5 Bxg2 13. Kxg2 d6 14. Nc6 Nxc6
15. Qxc6 Rc8 16. Qa6 Qb6 17. Qxb6 axb6 18. Nb5 d5 19. b3 dxc4 20. bxc4 Rfd8 21.
Bf4 Ne8 22. Rab1 g5 23. Be3 Ra8 24. a3 f5 25. Rxd8 Bxd8 26. Rd1 Kf7 27. Rd7+
Kg6 28. Rb7 h6 29. Bc1 Nf6 30. Na7 Ne4 31. Nc6 Bf6 32. Rxb6 Ra4 33. Nb8 Rxc4
34. Be3 Rc2 35. Rxe6 Rxe2 36. Nd7 Kf7 37. Rc6 Bd4 38. Kf3 Ra2 39. Nxc5 Bxc5 40.
Bxc5 Nxc5 41. Rxc5 Rxa3+ 1/2-1/2

[Event "26. ekipno prvenstvo hrvatske u sahu - I"]
[Site "Bjelovar, Krapina, Djurdjevac,"]
[Date "2017.03.26"]
[Round "2.61"]
[White "Muha, Miljenko"]
[Black "Slogar, Dubravko"]
[Result "1/2-1/2"]
[WhiteElo "2261"]
[BlackElo "2275"]
[PlyCount "76"]
[EventDate "2016.03.26"]

1. d4 d5 2. Bf4 Nf6 3. e3 e6 4. Nd2 Bd6 5. Bg3 b6 6. Ngf3 Bb7 7. Bb5+ c6 8. Bd3
O-O 9. e4 dxe4 10. Nxe4 Be7 11. Qe2 Nbd7 12. Nd6 Bxd6 13. Bxd6 Re8 14. O-O-O a5
15. Bg3 Qc8 16. Ne5 Ba6 17. Bxa6 Rxa6 18. Nxc6 b5 19. Ne5 Nxe5 20. Bxe5 Nd5 21.
Qxb5 Rb6 22. Qa4 Rb4 23. Qxa5 Qb7 24. b3 Ra8 25. Qc5 Qa6 26. a4 Rc8 27. Qd6 Rb6
28. Qa3 Qb7 29. Rd3 Nb4 30. Rd2 f6 31. Bg3 Qe4 32. c4 Nd3+ 33. Kd1 Nb4 34. Re1
Qxg2 35. Re3 Qf1+ 36. Re1 Qg2 37. Re3 Qf1+ 38. Re1 Qg2 1/2-1/2

[Event "26. ekipno prvenstvo hrvatske u sahu - I"]
[Site "Bjelovar, Krapina, Djurdjevac,"]
[Date "2017.03.26"]
[Round "2.62"]
[White "Mulugeta, Danijel"]
[Black "Medic, Mirjana"]
[Result "1-0"]
[WhiteElo "2287"]
[BlackElo "2149"]
[PlyCount "79"]
[EventDate "2016.03.26"]

1. Nf3 d5 2. d4 e6 3. c4 Nf6 4. g3 dxc4 5. Bg2 Be7 6. O-O O-O 7. Ne5 c5 8. dxc5
Bxc5 9. Nxc4 Nc6 10. Nbd2 Be7 11. Nf3 Nd5 12. Qb3 Na5 13. Nxa5 Qxa5 14. e4 Nf6
15. Bd2 Qb6 16. Qc2 Bd7 17. Be3 Qa6 18. Rfd1 Rac8 19. Qb1 Rfd8 20. Nd4 Ng4 21.
Bf1 Qa5 22. Nc2 Bc6 23. Bg2 Nxe3 24. Nxe3 Rxd1+ 25. Qxd1 Rd8 26. Qb3 Rd4 27. a3
Qa4 28. Qxa4 Rxa4 29. Rc1 Bf6 30. e5 Bxe5 31. Bxc6 bxc6 32. Rxc6 g6 33. Nc4 Bd4
34. b3 Rxc4 35. Rxc4 Bb6 36. b4 Kg7 37. a4 Kf6 38. a5 Bd8 39. Rc8 Be7 40. b5
1-0

[Event "26. ekipno prvenstvo hrvatske u sahu - I"]
[Site "Bjelovar, Krapina, Djurdjevac,"]
[Date "2017.03.26"]
[Round "2.63"]
[White "Frouth, Nenad"]
[Black "Skrbin, Kresimir"]
[Result "1/2-1/2"]
[WhiteElo "2140"]
[BlackElo "2212"]
[PlyCount "72"]
[EventDate "2016.03.26"]

1. Nf3 c5 2. c4 Nc6 3. d4 cxd4 4. Nxd4 g6 5. e4 Bg7 6. Be3 Nf6 7. f3 O-O 8. Qd2
e6 9. Nxc6 dxc6 10. Nc3 Qxd2+ 11. Kxd2 e5 12. Kc2 Be6 13. Be2 Rfd8 14. Rhd1 Nd7
15. Rd2 Bf8 16. Rad1 Be7 17. a3 Nb6 18. Rxd8+ Rxd8 19. Rxd8+ Bxd8 20. b3 f6 21.
Bc5 Bc7 22. a4 Kf7 23. Bf2 a5 24. Nd1 Nd7 25. Nb2 Bd6 26. Nd3 f5 27. Kc3 f4 28.
c5 Bc7 29. b4 axb4+ 30. Kxb4 g5 31. Nb2 h5 32. h3 g4 33. hxg4 hxg4 34. Bc4 g3
35. Be1 Nb8 36. Bxe6+ Kxe6 1/2-1/2

[Event "26. ekipno prvenstvo hrvatske u sahu - I"]
[Site "Bjelovar, Krapina, Djurdjevac,"]
[Date "2017.03.26"]
[Round "2.64"]
[White "Novosel, Tomislav"]
[Black "Purgar, Ivona"]
[Result "1-0"]
[WhiteElo "2203"]
[BlackElo "2156"]
[PlyCount "67"]
[EventDate "2016.03.26"]

1. d4 Nf6 2. Nf3 e6 3. e3 b6 4. Bd3 Bb7 5. Nbd2 d5 6. b3 Bb4 7. O-O Ne4 8. c4
Nd7 9. a3 Bd6 10. Bb2 O-O 11. Ne5 Bxe5 12. dxe5 Nxe5 13. Nxe4 dxe4 14. Bc2 Qg5
15. Qd4 Rad8 16. Qc3 Nd3 17. Rad1 Rd7 18. b4 f5 19. Bc1 Nxc1 20. Rxc1 f4 21.
exf4 Rxf4 22. Qe3 Qe5 23. Rcd1 Rd6 24. Rfe1 Qf6 25. Bb3 Rg4 26. c5 bxc5 27.
bxc5 Ra6 28. g3 Rg6 29. Bc4 Ra5 30. Rd7 Qe5 31. Qb3 Qxc5 32. Qxb7 Rf6 33. Bxe6+
Kf8 34. Rd8+ 1-0

[Event "26. ekipno prvenstvo hrvatske u sahu - I"]
[Site "Bjelovar, Krapina, Djurdjevac,"]
[Date "2017.03.26"]
[Round "2.65"]
[White "Frank, Vladimir"]
[Black "Stadler, Brigita"]
[Result "1-0"]
[WhiteElo "2051"]
[BlackElo "2062"]
[PlyCount "42"]
[EventDate "2016.03.26"]

1. Nf3 Nf6 2. c4 d6 3. d4 Nbd7 4. Nc3 e5 5. e4 exd4 6. Nxd4 Nc5 7. f3 a6 8. Bg5
Be7 9. Qd2 Ne6 10. Nxe6 Bxe6 11. O-O-O h6 12. Be3 Qd7 13. Nd5 Bxd5 14. cxd5 Qa4
15. Kb1 O-O-O 16. Rc1 Kb8 17. Rc4 Qd7 18. Ba7+ Kxa7 19. Qa5 Kb8 20. Ra4 c6 21.
dxc6 bxc6 1-0

[Event "26. ekipno prvenstvo hrvatske u sahu - I"]
[Site "Bjelovar, Krapina, Djurdjevac,"]
[Date "2017.03.26"]
[Round "2.66"]
[White "Dotlic, Zdravko"]
[Black "Maslac, Zvonimir"]
[Result "1-0"]
[WhiteElo "2012"]
[BlackElo "2053"]
[PlyCount "75"]
[EventDate "2016.03.26"]

1. e4 d6 2. d4 c6 3. Nf3 Nd7 4. c4 e5 5. Nc3 Ngf6 6. Be2 Be7 7. O-O O-O 8. h3
Qc7 9. Be3 exd4 10. Nxd4 Nc5 11. Qc2 Re8 12. b4 Ne6 13. Rad1 d5 14. exd5 Nxd4
15. Bxd4 Bxb4 16. Bxf6 gxf6 17. Bd3 Qf4 18. Ne2 Qg5 19. Ng3 h5 20. Bf5 Bc5 21.
Bxc8 Raxc8 22. Qd3 Qg6 23. Qf3 Re5 24. Rfe1 Rg5 25. Kf1 cxd5 26. Rxd5 Bb4 27.
Rc1 h4 28. Ne4 Rxd5 29. Nxf6+ Kg7 30. Nxd5 Bc5 31. Nf4 Qg5 32. Rd1 Re8 33. Rd5
Re5 34. Qc3 Bd6 35. Nd3 f6 36. Rxd6 Rf5 37. Qd4 Qd2 38. Rd7+ 1-0

[Event "26. ekipno prvenstvo hrvatske u sahu - I"]
[Site "Bjelovar, Krapina, Djurdjevac,"]
[Date "2017.04.02"]
[Round "3.11"]
[White "Slogar, Dubravko"]
[Black "Raguz, Dario"]
[Result "1-0"]
[WhiteElo "2275"]
[BlackElo "2131"]
[PlyCount "117"]
[EventDate "2016.03.26"]

1. d4 Nf6 2. Nf3 g6 3. c4 Bg7 4. Nc3 d5 5. Bf4 c6 6. e3 O-O 7. Rc1 a6 8. h3 Re8
9. Be2 b5 10. cxd5 cxd5 11. a4 b4 12. Na2 Qb6 13. Qb3 a5 14. Nc3 Bb7 15. Nb5
Na6 16. O-O Rac8 17. Bd3 Nd7 18. h4 Rc6 19. Rxc6 Qxc6 20. h5 e5 21. dxe5 Nxe5
22. Bxe5 Bxe5 23. Nbd4 Qf6 24. Bb5 Rc8 25. hxg6 hxg6 26. Qd1 Bb8 27. Nb3 Bc7
28. Qd4 Qxd4 29. Nfxd4 Bb6 30. Rd1 Kf8 31. Kf1 Ke7 32. Ke2 Nc5 33. Nxc5 Rxc5
34. Kd3 Rc8 35. Nb3 Kd6 36. Rh1 Bc6 37. Bxc6 Rxc6 38. Rh8 Kc7 39. Rf8 Rf6 40.
f3 Kb7 41. f4 Kc6 42. g4 Re6 43. Nd4+ Bxd4 44. Kxd4 Re4+ 45. Kd3 b3 46. Rxf7
Rxa4 47. Rf6+ Kc5 48. Rxg6 Ra1 49. Rh6 a4 50. Ra6 Kb5 51. Ra8 Rd1+ 52. Kc3 Rc1+
53. Kd3 Rc2 54. g5 Rxb2 55. g6 Rg2 56. f5 Kb4 57. f6 a3 58. f7 Rf2 59. g7 1-0

[Event "26. ekipno prvenstvo hrvatske u sahu - I"]
[Site "Bjelovar, Krapina, Djurdjevac,"]
[Date "2017.04.02"]
[Round "3.12"]
[White "Ilic, Ognjen"]
[Black "Mulugeta, Danijel"]
[Result "1/2-1/2"]
[WhiteElo "2108"]
[BlackElo "2287"]
[PlyCount "144"]
[EventDate "2016.03.26"]

1. d4 Nf6 2. Nf3 e6 3. Bg5 h6 4. Bh4 d6 5. Nbd2 g5 6. Bg3 Nh5 7. e3 Bg7 8. Bd3
Nd7 9. c3 Qe7 10. O-O O-O 11. Ne1 Nxg3 12. fxg3 c5 13. Nc2 b6 14. Qf3 Rb8 15.
g4 Bb7 16. Qg3 e5 17. d5 e4 18. Bxe4 Ba6 19. Rfd1 Nf6 20. Bf5 Rfe8 21. e4 h5
22. gxh5 Nxh5 23. Qh3 Nf6 24. Re1 Qe5 25. Ne3 b5 26. a3 Kf8 27. Ng4 Qf4 28. Qe3
Nxd5 29. Qxf4 Nxf4 30. Nf3 f6 31. Rad1 Rbd8 32. g3 Ne6 33. Rd2 Kf7 34. Red1 Bf8
35. Ne3 Ng7 36. Nd5 Nxf5 37. exf5 g4 38. Nh4 Bh6 39. Nc7 Bxd2 40. Rxd2 Bc8 41.
Nxe8 Kxe8 42. Kf2 Kf7 43. Ke3 Bb7 44. Kf4 d5 45. Kxg4 Re8 46. Kf4 Re4+ 47. Kf3
d4 48. Kf2 Ke7 49. Re2 dxc3 50. Rxe4+ Bxe4 51. bxc3 a5 52. Ke3 Bb1 53. Kd2 Kf7
54. g4 Be4 55. Ng6 b4 56. cxb4 cxb4 57. axb4 axb4 58. Nf4 Bf3 59. h3 Ke7 60.
Nd3 Bg2 61. Nf4 Bf1 62. Ke1 Bc4 63. Kd2 Bf1 64. h4 Kf7 65. Kc2 Bc4 66. Nd3 Bd5
67. Nxb4 Bf3 68. g5 fxg5 69. hxg5 Be4+ 70. Kd2 Bxf5 71. Ke3 Kg6 72. Kf4 Bb1
1/2-1/2

[Event "26. ekipno prvenstvo hrvatske u sahu - I"]
[Site "Bjelovar, Krapina, Djurdjevac,"]
[Date "2017.04.02"]
[Round "3.13"]
[White "Skrbin, Kresimir"]
[Black "Margitic, Zdravko"]
[Result "1-0"]
[WhiteElo "2212"]
[BlackElo "2082"]
[PlyCount "101"]
[EventDate "2016.03.26"]

1. Nf3 Nc6 2. d4 d5 3. Bf4 g6 4. e3 Bg7 5. c4 Nf6 6. Nc3 a6 7. Rc1 O-O 8. Be2
dxc4 9. Bxc4 Bf5 10. O-O e6 11. Bg5 h6 12. Bh4 g5 13. Bg3 Ne4 14. Nxe4 Bxe4 15.
Nd2 Bg6 16. Nb3 Re8 17. Nc5 Ra7 18. Be2 Ne7 19. Bf3 c6 20. Qb3 b5 21. Rfd1 Nd5
22. Nd3 Qb6 23. Ne5 Bxe5 24. Bxe5 a5 25. e4 a4 26. Qc2 Ra6 27. Qd2 Ne7 28. h4
Qa5 29. Qe3 f5 30. hxg5 fxe4 31. Bxe4 Nf5 32. Bxf5 exf5 33. gxh6 Qd8 34. Qg3
Kh7 35. d5 cxd5 36. Rc7+ Re7 37. Rxd5 Qe8 38. Rdc5 Rae6 39. Rc8 Rxe5 40. Rxe8
Re1+ 41. Kh2 Bxe8 42. Rxf5 R1e6 43. Rf4 Rxh6+ 44. Rh4 Ree6 45. Qd3+ Kg8 46.
Rxh6 Rxh6+ 47. Kg1 Re6 48. Qd5 Kf7 49. f3 Bc6 50. Qh5+ Ke7 51. Kf2 1-0

[Event "26. ekipno prvenstvo hrvatske u sahu - I"]
[Site "Bjelovar, Krapina, Djurdjevac,"]
[Date "2017.04.02"]
[Round "3.14"]
[White "Smetisko, Josip"]
[Black "Novosel, Tomislav"]
[Result "0-1"]
[WhiteElo "1915"]
[BlackElo "2203"]
[PlyCount "56"]
[EventDate "2016.03.26"]

1. e4 c5 2. Nf3 d6 3. Nc3 Nf6 4. g3 Bg4 5. Bg2 Nc6 6. h3 Bh5 7. d3 e6 8. Ne2
Be7 9. Nf4 Bg6 10. h4 e5 11. Nxg6 hxg6 12. c4 Nd4 13. Bh3 Kf8 14. Nxd4 cxd4 15.
Bg5 Ne8 16. Bxe7+ Qxe7 17. Qd2 Nc7 18. f4 Kg8 19. O-O-O b5 20. cxb5 Rb8 21. f5
gxf5 22. Bxf5 Nxb5 23. h5 d5 24. Rdf1 Rh6 25. g4 Nc3 26. b3 Qa3+ 27. Qb2 Nxa2+
28. Kb1 Rxb3 0-1

[Event "26. ekipno prvenstvo hrvatske u sahu - I"]
[Site "Bjelovar, Krapina, Djurdjevac,"]
[Date "2017.04.02"]
[Round "3.15"]
[White "Stojkovic, Josip"]
[Black "Hodzic, Hazim"]
[Result "1-0"]
[WhiteElo "2091"]
[BlackElo "1975"]
[PlyCount "36"]
[EventDate "2016.03.26"]

1. e4 c5 2. Nf3 e6 3. c3 Nf6 4. e5 Nd5 5. d4 cxd4 6. cxd4 Bb4+ 7. Bd2 Qa5 8.
Bc4 Nb6 9. Bd3 h6 10. Nc3 a6 11. O-O Bxc3 12. bxc3 Qa3 13. Qe2 Nc6 14. Rfb1 Nd5
15. Rb3 Qe7 16. c4 Nc7 17. Qe4 d5 18. exd6 Qxd6 1-0

[Event "26. ekipno prvenstvo hrvatske u sahu - I"]
[Site "Bjelovar, Krapina, Djurdjevac,"]
[Date "2017.04.02"]
[Round "3.21"]
[White "Boric, Muhamed"]
[Black "Muha, Miljenko"]
[Result "1-0"]
[WhiteElo "2373"]
[BlackElo "2261"]
[PlyCount "73"]
[EventDate "2016.03.26"]

1. Nf3 b6 2. g3 Bb7 3. Bg2 g6 4. O-O Bg7 5. c4 Nf6 6. d4 Na6 7. d5 Nc5 8. Nc3
Nfe4 9. Nxe4 Nxe4 10. Qc2 f5 11. Ng5 Nd6 12. Rb1 a5 13. Re1 O-O 14. e4 fxe4 15.
Nxe4 Nf5 16. Bg5 h6 17. Bd2 c6 18. Bc3 cxd5 19. Bxg7 Kxg7 20. Nc3 Rc8 21. cxd5
Rf7 22. Qd2 Rc4 23. b3 Rc5 24. Rbc1 Kh7 25. Na4 Rxc1 26. Rxc1 Rf6 27. Nc3 Nd6
28. a4 Rf7 29. h4 Qh8 30. Qe3 Qd8 31. Ne2 Nf5 32. Qd3 Rf6 33. h5 Kg7 34. hxg6
Qf8 35. Nf4 Rd6 36. Rc7 Qb8 37. Qxf5 1-0

[Event "26. ekipno prvenstvo hrvatske u sahu - I"]
[Site "Bjelovar, Krapina, Djurdjevac,"]
[Date "2017.04.02"]
[Round "3.22"]
[White "Medic, Mirjana"]
[Black "Ivekovic, Bozidar"]
[Result "0-1"]
[WhiteElo "2149"]
[BlackElo "2357"]
[PlyCount "116"]
[EventDate "2016.03.26"]

1. d4 Nf6 2. Nf3 e6 3. e3 b6 4. Bd3 Bb7 5. O-O Be7 6. c4 Ne4 7. Nc3 Nxc3 8.
bxc3 d6 9. e4 c5 10. Be3 Nd7 11. Nd2 O-O 12. f4 cxd4 13. cxd4 e5 14. fxe5 dxe5
15. d5 Nc5 16. Be2 Bg5 17. Bxc5 bxc5 18. Nf3 Bf6 19. Rb1 Bc8 20. Rb5 Ba6 21.
Rb3 Qd6 22. Qd2 Bc8 23. Rfb1 Bd8 24. Bd3 g6 25. Qb2 Bc7 26. Re1 a5 27. a4 Bd7
28. Ra1 Rfb8 29. Bc2 Rxb3 30. Qxb3 Rb8 31. Qc3 f5 32. Rb1 Rb4 33. Rxb4 cxb4 34.
Qd3 fxe4 35. Qxe4 b3 36. Bxb3 Qb6+ 37. c5 Qxb3 38. d6 Qd1+ 39. Kf2 Bxd6 40.
cxd6 Qxd6 41. Nxe5 Qb6+ 42. Kf1 Bf5 43. Qc4+ Kg7 44. Nc6 Qe3 45. Qd4+ Qxd4 46.
Nxd4 Be4 47. Kf2 Kf6 48. g3 Ke5 49. Ke3 Bd5 50. Kd3 Kd6 51. Kc3 Kc5 52. h4 Bf7
53. Nf3 Be8 54. g4 Kd5 55. Kd3 h6 56. g5 h5 57. Nd2 Bxa4 58. Ne4 Bc2+ 0-1

[Event "26. ekipno prvenstvo hrvatske u sahu - I"]
[Site "Bjelovar, Krapina, Djurdjevac,"]
[Date "2017.04.02"]
[Round "3.23"]
[White "Sokac, Marko"]
[Black "Frouth, Nenad"]
[Result "1/2-1/2"]
[WhiteElo "2278"]
[BlackElo "2140"]
[PlyCount "65"]
[EventDate "2016.03.26"]

1. e4 d5 2. Nc3 dxe4 3. Nxe4 Nf6 4. Qe2 Nc6 5. Nf3 Bg4 6. Nxf6+ gxf6 7. h3 Nd4
8. Qe4 Bxf3 9. gxf3 f5 10. Qd3 Qd5 11. Be2 Rd8 12. Bd1 Bh6 13. c3 Qe5+ 14. Be2
Nxe2 15. Qxe2 Qd6 16. d4 Bxc1 17. Rxc1 Rg8 18. Qb5+ c6 19. Qxf5 Rg6 20. Rc2 Rf6
21. Qxh7 Re6+ 22. Re2 Rxe2+ 23. Kxe2 Qe6+ 24. Kf1 Qxa2 25. Qc2 Rd6 26. h4 Rg6
27. Ke2 Qc4+ 28. Kd1 c5 29. dxc5 Ra6 30. Re1 Ra1+ 31. Kd2 Qd5+ 32. Ke2 Qc4+ 33.
Kd2 1/2-1/2

[Event "26. ekipno prvenstvo hrvatske u sahu - I"]
[Site "Bjelovar, Krapina, Djurdjevac,"]
[Date "2017.04.02"]
[Round "3.24"]
[White "Purgar, Ivona"]
[Black "Turcin, Lovro"]
[Result "1-0"]
[WhiteElo "2156"]
[BlackElo "2159"]
[PlyCount "53"]
[EventDate "2016.03.26"]

1. e4 e5 2. Nf3 Nc6 3. Bb5 a6 4. Ba4 Nf6 5. d3 b5 6. Bb3 Be7 7. O-O d6 8. a4
Bg4 9. c3 O-O 10. h3 Bd7 11. axb5 axb5 12. Rxa8 Qxa8 13. Nbd2 Na5 14. Bc2 c5
15. Re1 Nc6 16. Nf1 Qa1 17. Ne3 b4 18. Nd5 Bd8 19. d4 exd4 20. cxd4 cxd4 21.
Nxd4 Nxd5 22. exd5 Ne5 23. Bf5 Bb6 24. Bxd7 Nxd7 25. Nf5 Bc5 26. Qg4 g6 27.
Nh6+ 1-0

[Event "26. ekipno prvenstvo hrvatske u sahu - I"]
[Site "Bjelovar, Krapina, Djurdjevac,"]
[Date "2017.04.02"]
[Round "3.25"]
[White "Cenkovcan, Andrija"]
[Black "Frank, Vladimir"]
[Result "1/2-1/2"]
[WhiteElo "2030"]
[BlackElo "2051"]
[PlyCount "103"]
[EventDate "2016.03.26"]

1. e4 c5 2. Nf3 d6 3. Bb5+ Bd7 4. Bxd7+ Nxd7 5. c4 g6 6. d4 cxd4 7. Nxd4 Ngf6
8. Nc3 Bg7 9. b3 Nxe4 10. Nxe4 Qa5+ 11. Kf1 Qe5 12. Bb2 Qxe4 13. f3 Qh4 14. g3
Qh3+ 15. Kf2 O-O 16. Qe2 Nc5 17. Rae1 a6 18. Qc2 Rfe8 19. b4 Nd7 20. Qe4 Rac8
21. Rc1 Rc7 22. Ba3 Rec8 23. Ne2 Nf6 24. Qd3 Qd7 25. h4 d5 26. c5 e5 27. Nc3 e4
28. fxe4 dxe4 29. Qxd7 Rxd7 30. Rhd1 Rcd8 31. Rxd7 Rxd7 32. Ke2 Rd3 33. Bb2
Rxg3 34. Kf2 Rh3 35. Kg2 Rd3 36. Rd1 Rxd1 37. Nxd1 Nd5 38. a3 f5 39. Kf2 Kf7
40. Bxg7 Kxg7 41. Nb2 b5 42. cxb6 Nxb6 43. Ke3 Kf6 44. Kd4 Ke6 45. a4 h6 46. a5
Nc8 47. Na4 Kd6 48. Nc5 Kc6 49. Nxa6 g5 50. hxg5 hxg5 51. Nc5 g4 52. Nxe4
1/2-1/2

[Event "26. ekipno prvenstvo hrvatske u sahu - I"]
[Site "Bjelovar, Krapina, Djurdjevac,"]
[Date "2017.04.02"]
[Round "3.26"]
[White "Maslac, Zvonimir"]
[Black "Buhin, Denis"]
[Result "1-0"]
[WhiteElo "2053"]
[BlackElo "2007"]
[PlyCount "77"]
[EventDate "2016.03.26"]

1. e4 c5 2. Nf3 g6 3. d4 Bg7 4. Nc3 Qa5 5. Be3 Nf6 6. Qd2 cxd4 7. Nxd4 Nc6 8.
Nb3 Qc7 9. O-O-O O-O 10. f3 d6 11. Be2 Bd7 12. g4 Ne5 13. g5 Nh5 14. Nd5 Qd8
15. f4 Ng4 16. Bd4 e5 17. fxe5 Nxe5 18. Bxh5 gxh5 19. Nf6+ Bxf6 20. gxf6 Qxf6
21. Rhg1+ Kh8 22. Rdf1 Qe7 23. Qh6 f6 24. Qxh5 Rac8 25. Qh6 Be6 26. Kb1 Rc4 27.
c3 Rc6 28. Rf2 Bc4 29. Rg3 Rcc8 30. Nd2 Be6 31. Nf3 Rg8 32. Nh4 Rxg3 33. hxg3
Qg7 34. Qxf6 Qxf6 35. Rxf6 Re8 36. Nf5 Bxf5 37. exf5 Kg8 38. Rxd6 Nc4 39. Rd7
1-0

[Event "26. ekipno prvenstvo hrvatske u sahu - I"]
[Site "Bjelovar, Krapina, Djurdjevac,"]
[Date "2017.04.02"]
[Round "3.31"]
[White "Sale, Srdjan"]
[Black "Czebe, Attila"]
[Result "1/2-1/2"]
[WhiteElo "2426"]
[BlackElo "2484"]
[PlyCount "25"]
[EventDate "2016.03.26"]

1. Nf3 g6 2. e4 Bg7 3. d4 d6 4. c3 Nf6 5. Bd3 O-O 6. O-O Nbd7 7. Re1 e5 8. Nbd2
Re8 9. h3 c6 10. Qc2 Qc7 11. Nf1 b6 12. Ng3 Bb7 13. Bg5 1/2-1/2

[Event "26. ekipno prvenstvo hrvatske u sahu - I"]
[Site "Bjelovar, Krapina, Djurdjevac,"]
[Date "2017.04.02"]
[Round "3.32"]
[White "Sindik, Ervin"]
[Black "Bodiroga, Predrag"]
[Result "1-0"]
[WhiteElo "2334"]
[BlackElo "2351"]
[PlyCount "67"]
[EventDate "2016.03.26"]

1. e4 c6 2. d4 d5 3. Nc3 dxe4 4. Nxe4 Bf5 5. Ng3 Bg6 6. h4 h6 7. Nf3 Nf6 8. Ne5
Bh7 9. Bc4 e6 10. Qe2 Nd5 11. Bb3 Nd7 12. Bd2 Nxe5 13. dxe5 a5 14. a4 Bb4 15.
Bxb4 Nxb4 16. Ne4 O-O 17. Nd6 Qe7 18. O-O-O b5 19. Rh3 Rab8 20. Qg4 bxa4 21.
Bxa4 f5 22. Qc4 f4 23. c3 f3 24. Rxf3 Rxf3 25. gxf3 Nd3+ 26. Rxd3 Bxd3 27. Qxd3
Qxh4 28. Bc2 Qg5+ 29. Kb1 Kf8 30. Qd4 Rd8 31. f4 Qg2 32. Qa7 Kg8 33. Qf7+ Kh8
34. Qxe6 1-0